| 000 | 00759nam a22002297a 4500 | ||
|---|---|---|---|
| 999 |
_c188 _d188 |
||
| 003 | AR-CdUCM | ||
| 008 | 190222b ||||| |||| 00| 0 spa d | ||
| 020 | _a968161738X | ||
| 040 |
_aMUNICIPALIDAD PROVINCIAL DEL CUSCO _cBIBLIOTECA MUNICIPAL DEL CUSCO |
||
| 082 |
_a082.974 / _bM715 |
||
| 100 |
_aMojarro, Tomás _9859 |
||
| 245 |
_aCañón de Juchipila : _by otros relatos / |
||
| 260 |
_aMexico, D.F. : _bFondo de Cultura Económica, _c1984. |
||
| 300 |
_a165 paginas ; _c21 cm. |
||
| 500 | _zA Baudelio, mi otro hermano -- Cañón de Juchipila -- El drama ... | ||
| 650 |
_aNovela Mexicana _9860 |
||
| 650 |
_aPoesía _9444 |
||
| 650 |
_aImagen y Metáfora _9861 |
||
| 650 |
_aHistorias _9862 |
||
| 942 |
_2ddc _cLIBROS |
||
| 945 |
_aacv _d2019-02-22 |
||